The Eyes of the Skin: Architecture and the Senses (Record no. 12692)
[ view plain ]
| 000 -LEADER | |
|---|---|
| fixed length control field | 00366 a2200145 4500 |
| 008 - FIXED-LENGTH DATA ELEMENTS--GENERAL INFORMATION | |
| fixed length control field | 240722b ||||| |||| 00| 0 eng d |
| 020 ## - INTERNATIONAL STANDARD BOOK NUMBER | |
| International Standard Book Number | 9781119941286 |
| 082 ## - DEWEY DECIMAL CLASSIFICATION NUMBER | |
| Classification number | 720.1 |
| 100 ## - MAIN ENTRY--PERSONAL NAME | |
| Personal name | Juhani Pallasmaa |
| 245 ## - TITLE STATEMENT | |
| Title | The Eyes of the Skin: Architecture and the Senses |
| 250 ## - EDITION STATEMENT | |
| Edition statement | 3rd edition |
| 260 ## - PUBLICATION, DISTRIBUTION, ETC. (IMPRINT) | |
| Name of publisher, distributor, etc | Wiley; |
| Date of publication, distribution, etc | 2012 |
| 300 ## - PHYSICAL DESCRIPTION | |
| Extent | 128p; |
| 942 ## - ADDED ENTRY ELEMENTS (KOHA) | |
| Source of classification or shelving scheme | |
| Withdrawn status | Lost status | Source of classification or shelving scheme | Damaged status | Koha normalized classification for sorting | Not for loan | Permanent location | Current location | Date acquired | Source of acquisition | Cost, normal purchase price | Total Checkouts | Full call number | Barcode | Date last seen | Date last borrowed | Cost, replacement price | Price effective from | Koha item type |
|---|---|---|---|---|---|---|---|---|---|---|---|---|---|---|---|---|---|---|
| 720_100000000000000 | BMS College of Architecture, Design and Planning | BMS College of Architecture, Design and Planning | 2024-07-19 | 1 | 3038.84 | 1 | 720.1 | AR-UG4047 | 2025-12-19 | 2025-10-26 | 4051.79 | 2024-07-19 | B.PLAN | |||||
| 720_100000000000000 | BMS College of Architecture, Design and Planning | BMS College of Architecture, Design and Planning | 2024-07-19 | 1 | 3038.84 | 720.1 | AR-UG4046 | 2024-07-19 | 4051.79 | 2024-07-19 | B.PLAN |